[Event "Gibtelecom Masters 2005"]
[Site "Gibraltar ENG"]
[Date "2005.01.26"]
[Round "2.36"]
[White "Jaime Montalvan, Luis Felipe"]
[Black "Radovanovic, Jovica"]
[Result "1/2-1/2"]
[WhiteElo "2244"]
[BlackElo "2329"]
[PlyCount "52"]
[EventDate "2005.01.26"]
[EventType "swiss"]
[EventRounds "10"]
[EventCountry "ENG"]
[Source "lmi"]
[SourceDate "2005.02.03"]

1. d4 Nf6 2. c4 g6 3. Nc3 Bg7 4. e4 O-O 5. f4 d6 6. Nf3 c5 7. dxc5 Qa5 8. Bd3
Qxc5 9. Qe2 Nc6 10. Be3 Qa5 11. O-O Bg4 12. Rac1 e5 13. Qf2 exf4 14. Bxf4 Bxf3
15. gxf3 Nh5 16. Be3 Rae8 17. Kh1 Ne5 18. Be2 f5 19. Bxa7 fxe4 20. Nxe4 Qxa2
21. Qb6 Nc6 22. Qxb7 Qxa7 23. Qxc6 Qe3 24. Qd5+ Kh8 25. Rf2 Nf4 26. Qd2 Qxd2
1/2-1/2

[Event "Gibtelecom Masters 2005"]
[Site "Gibraltar ENG"]
[Date "2005.01.26"]
[Round "2.37"]
[White "Saud, Mohamed"]
[Black "Hennigan, Michael"]
[Result "0-1"]
[WhiteElo "2198"]
[BlackElo "2408"]
[PlyCount "60"]
[EventDate "2005.01.26"]
[EventType "swiss"]
[EventRounds "10"]
[EventCountry "ENG"]
[Source "lmi"]
[SourceDate "2005.02.03"]

1. d4 Nf6 2. Nf3 g6 3. c4 Bg7 4. g3 O-O 5. Bg2 d6 6. O-O Nc6 7. Nc3 e5 8. d5
Ne7 9. e4 Nd7 10. Ne1 f5 11. Nd3 h6 12. Bd2 g5 13. f4 exf4 14. gxf4 g4 15. Qe2
fxe4 16. Nxe4 Nf6 17. Bc3 Nxe4 18. Bxg7 Kxg7 19. Bxe4 h5 20. f5 Nxf5 21. Nf4
Qg5 22. Qd3 Nh4 23. Qg3 Bd7 24. Rae1 Rae8 25. Nh3 Qe7 26. Nf4 Kh6 27. Bg6 Nf3+
28. Rxf3 Qxe1+ 29. Rf1 Qxg3+ 30. hxg3 Rxf4 0-1

[Event "Gibtelecom Masters 2005"]
[Site "Gibraltar ENG"]
[Date "2005.01.26"]
[Round "2.38"]
[White "Dworakowska, Joanna"]
[Black "Patterson, Roger"]
[Result "1-0"]
[WhiteElo "2395"]
[BlackElo "2195"]
[PlyCount "41"]
[EventDate "2005.01.26"]
[EventType "swiss"]
[EventRounds "10"]
[EventCountry "ENG"]
[Source "lmi"]
[SourceDate "2005.02.03"]

1. e4 e5 2. Nf3 Nc6 3. d4 exd4 4. Nxd4 Nf6 5. Nxc6 bxc6 6. e5 Nd5 7. c4 Nb6 8.
Bd3 d5 9. exd6 cxd6 10. O-O Be7 11. Qc2 h6 12. Re1 O-O 13. Qe2 Bf6 14. Bxh6 d5
15. cxd5 cxd5 16. Bf4 Nc4 17. Nc3 Bb7 18. Rad1 Rc8 19. Bxc4 Rxc4 20. Be5 Re8
21. Bxf6 1-0

[Event "Gibtelecom Masters 2005"]
[Site "Gibraltar ENG"]
[Date "2005.01.26"]
[Round "2.39"]
[White "Mortazavi, Ali"]
[Black "Walton, Alan J"]
[Result "1-0"]
[WhiteElo "2371"]
[BlackElo "2181"]
[PlyCount "101"]
[EventDate "2005.01.26"]
[EventType "swiss"]
[EventRounds "10"]
[EventCountry "ENG"]
[Source "lmi"]
[SourceDate "2005.02.03"]

1. g3 f5 2. Bg2 Nf6 3. c4 d6 4. Nc3 e5 5. d3 Nc6 6. e3 Be7 7. Nge2 O-O 8. O-O
Qe8 9. Nd5 Bd8 10. Nec3 Nxd5 11. cxd5 Ne7 12. d4 Ng6 13. dxe5 Nxe5 14. b3 b6
15. f4 Ng4 16. Re1 Bf6 17. Qd2 b5 18. a3 Qg6 19. Bb2 Rb8 20. b4 Bd7 21. Rac1
Rbe8 22. h3 Nh6 23. Kh2 Nf7 24. Nd1 Bd8 25. Nf2 h5 26. Bf3 Nh6 27. Bd4 a6 28.
Qd1 Qf7 29. Bxh5 Qxd5 30. Bxe8 Rxe8 31. Bc3 Qf7 32. Qd4 Bf6 33. Qd3 Bd8 34. e4
fxe4 35. Rxe4 Rxe4 36. Qxe4 Qh5 37. Re1 Nf7 38. g4 Qh6 39. Bd4 d5 40. Qe3 Nd6
41. f5 Bg5 42. Qf3 c6 43. Be3 Nc4 44. Bxg5 Qxg5 45. Re2 Nd2 46. Qd3 Nc4 47. Qd4
Kh7 48. Nd3 Nd2 49. Qf4 Qxf4+ 50. Nxf4 Nc4 51. Nd3 1-0

[Event "Gibtelecom Masters 2005"]
[Site "Gibraltar ENG"]
[Date "2005.01.26"]
[Round "2.40"]
[White "Arsenault, Nicolas"]
[Black "Thorfinnsson, Bjorn"]
[Result "0-1"]
[WhiteElo "2138"]
[BlackElo "2356"]
[PlyCount "105"]
[EventDate "2005.01.26"]
[EventType "swiss"]
[EventRounds "10"]
[EventCountry "ENG"]
[Source "lmi"]
[SourceDate "2005.02.03"]

1. e4 e5 2. Nf3 Nc6 3. Bb5 d6 4. d4 Bd7 5. O-O Nge7 6. d5 Nb8 7. Bxd7+ Nxd7 8.
c4 h6 9. Nc3 g5 10. Ne1 Ng6 11. Nd3 Bg7 12. Be3 O-O 13. c5 Qe7 14. cxd6 cxd6
15. f3 a6 16. a4 f5 17. a5 Nf6 18. Ra4 fxe4 19. fxe4 Rf7 20. Rc4 Raf8 21. Bb6
Qe8 22. Rc7 Rxc7 23. Bxc7 Qd7 24. Bb6 Qc8 25. Qb3 Nf4 26. Nf2 h5 27. g3 Ng6 28.
Rc1 Qd7 29. Ncd1 Ne8 30. Ne3 Ne7 31. Nc4 g4 32. Be3 Ng6 33. Nb6 Qf7 34. Qd1 Nc7
35. Nd3 Nb5 36. Nc4 Qd7 37. Nb6 Qe7 38. Rc8 Nd4 39. Rxf8+ Bxf8 40. Kg2 Kh7 41.
h3 Bh6 42. Bxh6 Kxh6 43. Qc1+ Kg7 44. hxg4 Qf6 45. Qf1 Qg5 46. gxh5 Nh4+ 47.
Kh3 Nhf3 48. Kg2 Qe3 49. Nf2 Ne1+ 50. Kh3 Ne2 51. Nh1 Ng1+ 52. Kh2 Ngf3+ 53.
Kh3 0-1

[Event "Gibtelecom Masters 2005"]
[Site "Gibraltar ENG"]
[Date "2005.01.26"]
[Round "2.41"]
[White "Straub, Peter"]
[Black "Calzetta Ruiz, Monica"]
[Result "0-1"]
[WhiteElo "2103"]
[BlackElo "2281"]
[PlyCount "62"]
[EventDate "2005.01.26"]
[EventType "swiss"]
[EventRounds "10"]
[EventCountry "ENG"]
[Source "lmi"]
[SourceDate "2005.02.03"]

1. e4 d5 2. exd5 Nf6 3. Nc3 Nxd5 4. Bc4 c6 5. Qf3 Nf6 6. h3 Nbd7 7. Qe2 e6 8.
a4 Nb6 9. Bb3 Nbd5 10. d4 Bb4 11. Bd2 O-O 12. Nf3 Qa5 13. Nxd5 exd5 14. c3 Re8
15. Ne5 Bd6 16. O-O Bf5 17. Qf3 Be4 18. Qg3 Qc7 19. f4 Qb6 20. Ba2 Qxb2 21. Qf2
Re7 22. c4 Rae8 23. c5 Bb8 24. Rfc1 Bf5 25. Be1 Qxf2+ 26. Bxf2 Ne4 27. Bb1 f6
28. g4 Nxf2 29. Bxf5 Nxh3+ 30. Kh2 Nxf4 31. Nd7 Bc7 0-1

[Event "Gibtelecom Masters 2005"]
[Site "Gibraltar ENG"]
[Date "2005.01.26"]
[Round "2.42"]
[White "Welling, Gerard"]
[Black "Coimbra, Margarida"]
[Result "1/2-1/2"]
[WhiteElo "2369"]
[BlackElo "2081"]
[PlyCount "89"]
[EventDate "2005.01.26"]
[EventType "swiss"]
[EventRounds "10"]
[EventCountry "ENG"]
[Source "lmi"]
[SourceDate "2005.02.03"]

1. d4 d5 2. Bg5 h6 3. Bh4 c6 4. a3 Qb6 5. Ra2 Bf5 6. e3 e6 7. c4 Bxb1 8. Qxb1
Be7 9. Bxe7 Nxe7 10. Nf3 Nd7 11. Bd3 dxc4 12. Bxc4 c5 13. O-O cxd4 14. Nxd4 O-O
15. b4 Ne5 16. Rc2 Nxc4 17. Rxc4 Rac8 18. Rfc1 Rxc4 19. Rxc4 Rc8 20. Rxc8+ Nxc8
21. Qc1 Nd6 22. Qc5 Kf8 23. Qc2 a5 24. Qa4 axb4 25. axb4 Qc7 26. g3 Qc4 27. Qa5
Ke7 28. h4 Kd7 29. Kg2 Qc7 30. Qe5 Ne8 31. Qb5+ Ke7 32. Qd3 Nf6 33. Kf3 Qe5 34.
Ke2 Qd5 35. Qc2 Qd6 36. b5 g6 37. Qc8 Qb6 38. Qb8 Nd7 39. Qc8 e5 40. Nc6+ bxc6
41. bxc6 Qb5+ 42. Ke1 Qb1+ 43. Ke2 Qb5+ 44. Ke1 Qb4+ 45. Ke2 1/2-1/2

[Event "Gibtelecom Masters 2005"]
[Site "Gibraltar ENG"]
[Date "2005.01.26"]
[Round "2.43"]
[White "Hassan, Abdullah"]
[Black "Cardenas Romo, Alejandro"]
[Result "1-0"]
[WhiteElo "2357"]
[BlackElo "1921"]
[PlyCount "55"]
[EventDate "2005.01.26"]
[EventType "swiss"]
[EventRounds "10"]
[EventCountry "ENG"]
[Source "lmi"]
[SourceDate "2005.02.03"]

1. d4 d6 2. Nf3 Nf6 3. c4 g6 4. g3 Bg7 5. Bg2 O-O 6. O-O Na6 7. Nc3 c5 8. e4
Bd7 9. Re1 Rb8 10. e5 Ne8 11. Nd5 Nac7 12. Bg5 Nxd5 13. cxd5 f6 14. Bd2 cxd4
15. e6 Bc8 16. Nxd4 Qb6 17. Be3 Qxb2 18. Qa4 b5 19. Qxa7 Rb7 20. Qa5 b4 21.
Rac1 f5 22. Rxc8 Bxd4 23. Bf1 Ra7 24. Qb5 Nc7 25. Rxf8+ Kxf8 26. Bh6+ Bg7 27.
Qb8+ Ne8 28. Bxg7+ 1-0

[Event "Gibtelecom Masters 2005"]
[Site "Gibraltar ENG"]
[Date "2005.01.26"]
[Round "2.44"]
[White "Villena Perez, Jorge"]
[Black "Mohamed, Hossein Abdul"]
[Result "1/2-1/2"]
[WhiteElo "1916"]
[BlackElo "2233"]
[PlyCount "105"]
[EventDate "2005.01.26"]
[EventType "swiss"]
[EventRounds "10"]
[EventCountry "ENG"]
[Source "lmi"]
[SourceDate "2005.02.03"]

1. d4 c5 2. dxc5 Na6 3. g3 Nf6 4. Bg2 Nxc5 5. Nf3 g6 6. O-O Bg7 7. c3 O-O 8.
Bf4 Qb6 9. Qc2 d5 10. Nbd2 Bf5 11. Qc1 Rac8 12. Be3 Ng4 13. Bxc5 Rxc5 14. Nb3
Rcc8 15. Qd1 Rfd8 16. Nfd4 Be4 17. e3 Bxg2 18. Kxg2 Ne5 19. Qe2 Nc4 20. Rab1 e5
21. Nf3 Qa6 22. a3 Rd6 23. Nbd2 Na5 24. Qxa6 Rxa6 25. Rfd1 e4 26. Nd4 Bxd4 27.
exd4 Rb6 28. Re1 Nc4 29. Nxc4 Rxc4 30. h4 f5 31. Kf1 a5 32. Ke2 Rbc6 33. Kd2 b5
34. Rec1 Rf6 35. Ke3 Rb6 36. Kd2 Rc7 37. Ra1 f4 38. Rg1 b4 39. axb4 axb4 40.
Rac1 bxc3+ 41. bxc3 fxg3 42. Rxg3 Rf7 43. Rg2 Rf3 44. h5 Kf7 45. hxg6+ hxg6 46.
Rh2 Rb2+ 47. Rc2 Rd3+ 48. Kc1 Rb3 49. Rh7+ Ke6 50. Rc7 Kd6 51. Rc8 Kd7 52. Rc5
Kd6 53. Rc8 1/2-1/2

[Event "Gibtelecom Masters 2005"]
[Site "Gibraltar ENG"]
[Date "2005.01.26"]
[Round "2.55"]
[White "De Andres Gonalons, Fernando"]
[Black "Matto, Manuel"]
[Result "1/2-1/2"]
[WhiteElo "2115"]
[BlackElo "2082"]
[PlyCount "66"]
[EventDate "2005.01.26"]
[EventType "swiss"]
[EventRounds "10"]
[EventCountry "ENG"]
[Source "lmi"]
[SourceDate "2005.02.03"]

1. d4 Nf6 2. c4 d5 3. Nf3 e6 4. Nc3 c6 5. e3 Bb4 6. a3 Bxc3+ 7. bxc3 Ne4 8. Bd3
f5 9. Qc2 Nd7 10. O-O Ndf6 11. Ne5 O-O 12. a4 Nd7 13. Nxd7 Bxd7 14. cxd5 cxd5
15. c4 Qh4 16. Ba3 Rf7 17. f3 dxc4 18. Bxc4 Nf6 19. Qb3 Re8 20. Bd6 Nd5 21.
Rfe1 f4 22. exf4 Nxf4 23. Re4 Qg5 24. Bxf4 Rxf4 25. Bxe6+ Bxe6 26. Rxe6 Rxe6
27. Qxe6+ Kf8 28. Qc8+ Kf7 29. Re1 Kg6 30. Re5 Qh6 31. Qxb7 Rf5 32. Qb1 Qf4 33.
g4 Qxd4+ 1/2-1/2

[Event "Gibtelecom Masters 2005"]
[Site "Gibraltar ENG"]
[Date "2005.01.26"]
[Round "2.56"]
[White "Nicholson, John"]
[Black "Gonzalez Nunez, Millan"]
[Result "1-0"]
[WhiteElo "2026"]
[BlackElo "1931"]
[PlyCount "69"]
[EventDate "2005.01.26"]
[EventType "swiss"]
[EventRounds "10"]
[EventCountry "ENG"]
[Source "lmi"]
[SourceDate "2005.02.03"]

1. e4 g6 2. d4 Bg7 3. Nc3 d6 4. f4 c6 5. Be3 Nf6 6. Be2 O-O 7. e5 dxe5 8. fxe5
Nd5 9. Nxd5 Qxd5 10. Nf3 Bf5 11. O-O Nd7 12. Qd2 Nb6 13. b3 Rad8 14. c4 Qd7 15.
Rad1 Qc7 16. Bh6 Bg4 17. Bxg7 Kxg7 18. Qg5 Qd7 19. h3 Bh5 20. g4 h6 21. Qh4 g5
22. Qxh5 f6 23. Bd3 Qe8 24. Qxe8 Rfxe8 25. Be4 Rd7 26. Bf5 e6 27. exf6+ Kxf6
28. Be4 Kg7 29. Kf2 Rf7 30. Ke3 Nd5+ 31. cxd5 exd5 32. Ne5 Rxf1 33. Rxf1 dxe4
34. Rf7+ Kg8 35. Rxb7 1-0

[Event "Gibtelecom Masters 2005"]
[Site "Gibraltar ENG"]
[Date "2005.01.27"]
[Round "3.1"]
[White "Aronian, Levon"]
[Black "Spraggett, Kevin"]
[Result "1-0"]
[WhiteElo "2684"]
[BlackElo "2589"]
[PlyCount "91"]
[EventDate "2005.01.26"]
[EventType "swiss"]
[EventRounds "10"]
[EventCountry "ENG"]
[Source "lmi"]
[SourceDate "2005.02.03"]

1. d4 Nf6 2. c4 e6 3. g3 c5 4. d5 exd5 5. cxd5 d6 6. Nc3 g6 7. Bg2 Bg7 8. Nf3
O-O 9. O-O Na6 10. Nd2 Nc7 11. Nc4 Nfe8 12. Bf4 b5 13. Na5 f5 14. Nc6 Qd7 15.
e4 b4 16. e5 bxc3 17. e6 Qxc6 18. dxc6 cxb2 19. Rb1 Bxe6 20. Bd2 Bxa2 21. Qc2
Bxb1 22. Rxb1 Rb8 23. Bc3 Bxc3 24. Qxc3 Rf7 25. Rxb2 Rxb2 26. Qxb2 a6 27. Qd2
Re7 28. h4 h5 29. f3 Kf7 30. g4 fxg4 31. fxg4 hxg4 32. Qf4+ Kg7 33. Qxg4 Nf6
34. Qg3 Re5 35. Bf1 Ne4 36. Qg4 Nf6 37. Qc8 Nfe8 38. Bd3 Re3 39. Bc2 Re1+ 40.
Kf2 Re6 41. Bb3 Rf6+ 42. Kg3 Kh6 43. Qd7 d5 44. Bxd5 g5 45. Be4 gxh4+ 46. Kg4
1-0

[Event "Gibtelecom Masters 2005"]
[Site "Gibraltar ENG"]
[Date "2005.01.27"]
[Round "3.2"]
[White "Areshchenko, Alexander"]
[Black "Georgiev, Kiril"]
[Result "0-1"]
[WhiteElo "2570"]
[BlackElo "2654"]
[PlyCount "90"]
[EventDate "2005.01.26"]
[EventType "swiss"]
[EventRounds "10"]
[EventCountry "ENG"]
[Source "lmi"]
[SourceDate "2005.02.03"]

1. e4 e5 2. Nf3 Nc6 3. d4 exd4 4. Nxd4 Nf6 5. Nxc6 bxc6 6. e5 Qe7 7. Qe2 Nd5 8.
c4 Nb6 9. b3 Qe6 10. Bb2 a5 11. g3 a4 12. Bg2 Bb4+ 13. Nd2 O-O 14. O-O d5 15.
Nf3 Qg6 16. Nh4 Qg4 17. Bf3 Qe6 18. Ng2 a3 19. Bd4 c5 20. Nf4 Qe7 21. Be3 Qxe5
22. Nd3 Qf6 23. Nxb4 cxb4 24. Bc5 Ba6 25. Rfe1 h6 26. Rad1 Rae8 27. Qxe8 Rxe8
28. Rxe8+ Kh7 29. Re3 dxc4 30. Be4+ g6 31. Rf3 Qe6 32. Bxb6 f5 33. Bd4 fxe4 34.
Rf6 Qg4 35. Rc1 Qd7 36. Rxa6 Qxd4 37. Rc6 c3 38. Rxc7+ Kg8 39. Re1 Qd3 40. Kg2
Qf3+ 41. Kg1 Qd3 42. Kg2 Kf8 43. Kh3 g5 44. Rc4 c2 45. Rc1 g4+ 0-1

[Event "Gibtelecom Masters 2005"]
[Site "Gibraltar ENG"]
[Date "2005.01.27"]
[Round "3.3"]
[White "Avrukh, Boris"]
[Black "Kotronias, Vasilios"]
[Result "1-0"]
[WhiteElo "2629"]
[BlackElo "2585"]
[PlyCount "75"]
[EventDate "2005.01.26"]
[EventType "swiss"]
[EventRounds "10"]
[EventCountry "ENG"]
[Source "lmi"]
[SourceDate "2005.02.03"]

1. d4 Nf6 2. c4 g6 3. Nf3 Bg7 4. g3 O-O 5. Bg2 d6 6. Nc3 Nbd7 7. O-O e5 8. e4
c6 9. Be3 Ng4 10. Bg5 Qb6 11. h3 exd4 12. Na4 Qa6 13. hxg4 b5 14. c5 bxa4 15.
cxd6 c5 16. Be7 Re8 17. Qc1 Bb7 18. Qf4 Rxe7 19. dxe7 Re8 20. Rac1 Rxe7 21. Nd2
Bc6 22. Rfe1 Be5 23. Qh6 d3 24. Nc4 Bd4 25. e5 Bxg2 26. Kxg2 Bxb2 27. Nxb2 Qb7+
28. Kg1 Qxb2 29. Rb1 Qc3 30. e6 fxe6 31. Qe3 Qa3 32. Rb7 e5 33. Qe4 Qc3 34.
Qd5+ Rf7 35. Rf1 Kf8 36. Rxd7 Rxd7 37. Qxd7 Qc2 38. Qd6+ 1-0

[Event "Gibtelecom Masters 2005"]
[Site "Gibraltar ENG"]
[Date "2005.01.27"]
[Round "3.4"]
[White "Quillan, Gary"]
[Black "Sargissian, Gabriel"]
[Result "0-1"]
[WhiteElo "2322"]
[BlackElo "2602"]
[PlyCount "92"]
[EventDate "2005.01.26"]
[EventType "swiss"]
[EventRounds "10"]
[EventCountry "ENG"]
[Source "lmi"]
[SourceDate "2005.02.03"]

1. e4 e5 2. Nf3 Nc6 3. Bb5 a6 4. Ba4 Nf6 5. O-O Be7 6. Re1 b5 7. Bb3 O-O 8. d4
d6 9. c3 Bg4 10. d5 Na5 11. Bc2 c6 12. h3 Bc8 13. dxc6 Qc7 14. Nbd2 Qxc6 15.
Nf1 Nc4 16. Ng3 Re8 17. Qe2 Be6 18. Bd3 h6 19. Nh4 d5 20. Nhf5 Bxf5 21. Nxf5
dxe4 22. Bxe4 Qxe4 23. Qxe4 Nxe4 24. Rxe4 Bf8 25. b3 Nb6 26. Bd2 Rad8 27. Re2
Rd3 28. Be3 Nd5 29. c4 bxc4 30. bxc4 Nxe3 31. Nxe3 Rb8 32. Rc2 Bc5 33. Re1 e4
34. Kf1 f5 35. Nd5 Kf7 36. Ke2 g5 37. Rd1 Rxd1 38. Kxd1 Rb7 39. Nc3 Ke6 40. g4
Rb4 41. Nd5 Rb1+ 42. Ke2 f4 43. f3 Rh1 44. fxe4 Rxh3 45. Rc3 Rh2+ 46. Kf3 Rf2#
0-1

[Event "Gibtelecom Masters 2005"]
[Site "Gibraltar ENG"]
[Date "2005.01.27"]
[Round "3.5"]
[White "Efimenko, Zahar"]
[Black "Wells, Peter K"]
[Result "1/2-1/2"]
[WhiteElo "2601"]
[BlackElo "2519"]
[PlyCount "64"]
[EventDate "2005.01.26"]
[EventType "swiss"]
[EventRounds "10"]
[EventCountry "ENG"]
[Source "lmi"]
[SourceDate "2005.02.03"]

1. e4 c5 2. Nf3 Nc6 3. d4 cxd4 4. Nxd4 Nf6 5. Nc3 d6 6. Bg5 e6 7. Qd2 Be7 8.
O-O-O O-O 9. f4 Nxd4 10. Qxd4 Qa5 11. Bc4 Bd7 12. e5 dxe5 13. fxe5 Bc6 14. Bd2
Nd7 15. Nd5 Qd8 16. Nxe7+ Qxe7 17. Rhe1 Rfd8 18. Qg4 Nf8 19. Bd3 Rd5 20. Be4
Rd7 21. Bb4 Rxd1+ 22. Rxd1 Qc7 23. Bd6 Qb6 24. Kb1 Ng6 25. Qf3 Nh4 26. Bxh7+
Kxh7 27. Qh5+ Kg8 28. Qxh4 Bxg2 29. Rd4 Rc8 30. b3 Bh3 31. Kb2 Bf5 32. Rc4 Rxc4
1/2-1/2

[Event "Gibtelecom Masters 2005"]
[Site "Gibraltar ENG"]
[Date "2005.01.27"]
[Round "3.6"]
[White "Shirov, Alexei"]
[Black "Del Rio Angelis, Salvador G"]
[Result "1/2-1/2"]
[WhiteElo "2713"]
[BlackElo "2502"]
[PlyCount "45"]
[EventDate "2005.01.26"]
[EventType "swiss"]
[EventRounds "10"]
[EventCountry "ENG"]
[Source "lmi"]
[SourceDate "2005.02.03"]

1. e4 e6 2. d4 d5 3. e5 c5 4. c3 Nc6 5. Nf3 Bd7 6. Be2 Nge7 7. Na3 cxd4 8. cxd4
Nf5 9. Nc2 Qb6 10. O-O Na5 11. g4 Ne7 12. Nfe1 h5 13. gxh5 Bb5 14. Bxb5+ Qxb5
15. Ne3 Nac6 16. b3 g6 17. Ng4 O-O-O 18. h6 Nf5 19. Bg5 Rd7 20. Nf6 Rc7 21. Ne8
Rd7 22. Nf6 Rc7 23. Ne8 1/2-1/2

[Event "Gibtelecom Masters 2005"]
[Site "Gibraltar ENG"]
[Date "2005.01.27"]
[Round "3.8"]
[White "Sasikiran, Krishnan"]
[Black "Gormally, Daniel"]
[Result "1/2-1/2"]
[WhiteElo "2657"]
[BlackElo "2472"]
[PlyCount "204"]
[EventDate "2005.01.26"]
[EventType "swiss"]
[EventRounds "10"]
[EventCountry "ENG"]
[Source "lmi"]
[SourceDate "2005.02.03"]

1. d4 Nf6 2. c4 e6 3. Nc3 Bb4 4. Qc2 O-O 5. a3 Bxc3+ 6. Qxc3 b5 7. cxb5 c6 8.
Bg5 cxb5 9. e3 Bb7 10. Nf3 h6 11. Bh4 g5 12. Bg3 Ne4 13. Qc2 Na6 14. Nd2 f5 15.
f3 Rc8 16. Qd3 Qa5 17. Rd1 Nxd2 18. Qxd2 Qxd2+ 19. Kxd2 f4 20. Bf2 Nc7 21. e4
g4 22. Bd3 gxf3 23. gxf3 Kf7 24. Rhg1 Rg8 25. Rxg8 Rxg8 26. Rg1 Rxg1 27. Bxg1
Bc6 28. Kc3 a5 29. Bf2 d6 30. Bh4 b4+ 31. axb4 a4 32. Bd8 Nb5+ 33. Kc4 a3 34.
bxa3 Nxa3+ 35. Kb3 Nb5 36. Bb6 Bd7 37. Bf1 d5 38. Bh3 Bc6 39. e5 Bd7 40. Bf1
Kg6 41. Bc5 Kg5 42. Kc2 Na3+ 43. Kd2 Nb5 44. Ke1 Nc3 45. Kf2 Bb5 46. Bh3 Bd7
47. Ke1 Nb5 48. Bf1 Nc3 49. Be7+ Kh5 50. Bd3 Nb5 51. Bc5 Nc3 52. Kf2 Bb5 53.
Bc2 Be8 54. Bh7 Bd7 55. Kg2 Kg5 56. Bf8 Nb5 57. Be7+ Kh5 58. Bc5 Nc3 59. h4
Kxh4 60. Bg6 Kg5 61. Bf7 Nb5 62. Kh3 h5 63. Bb6 Nc3 64. Bd8+ Kh6 65. Kh4 Ne2
66. Bxh5 Nxd4 67. Bg5+ Kg7 68. Bxf4 Bb5 69. Bg4 Kg6 70. Bd2 Nf5+ 71. Kh3 Bf1+
72. Kh2 Bb5 73. Kg2 Kf7 74. f4 Ke7 75. Bd1 Nd4 76. Be3 Nf5 77. Bc5+ Kd7 78. Kf3
d4 79. Ke4 Bc6+ 80. Kd3 Bb5+ 81. Kd2 Ne3 82. Bb3 Nf1+ 83. Ke1 Ne3 84. Kf2 Nf5
85. Bc2 Kc6 86. Be4+ Kd7 87. Ke1 Ba6 88. Kd2 Bb5 89. Bd3 Bc6 90. b5 Bd5 91. Kc1
Nh4 92. Kd2 Nf5 93. Ke1 Nh4 94. Kf2 Nf5 95. Be2 Kc7 96. Bf3 Bxf3 97. Kxf3 d3
98. Kf2 Ng3 99. Be3 Ne4+ 100. Kf3 Nc3 101. b6+ Kc6 102. f5 Kd7 1/2-1/2

[Event "Gibtelecom Masters 2005"]
[Site "Gibraltar ENG"]
[Date "2005.01.27"]
[Round "3.9"]
[White "Nakamura, Hikaru"]
[Black "Cmilyte, Viktorija"]
[Result "1-0"]
[WhiteElo "2613"]
[BlackElo "2468"]
[PlyCount "99"]
[EventDate "2005.01.26"]
[EventType "swiss"]
[EventRounds "10"]
[EventCountry "ENG"]
[Source "lmi"]
[SourceDate "2005.02.03"]

1. d4 Nf6 2. Bg5 e6 3. e4 h6 4. Bxf6 Qxf6 5. Nc3 d6 6. Qd2 g5 7. Bc4 Bg7 8.
Nge2 Nc6 9. Rd1 a6 10. a4 Bd7 11. O-O Qe7 12. Qe3 Na5 13. Bd3 c5 14. dxc5 dxc5
15. e5 Nc6 16. Be4 Nxe5 17. Bxb7 Rb8 18. Ne4 O-O 19. Bxa6 Rxb2 20. Qxc5 Qxc5
21. Nxc5 Bc8 22. Bb5 Rxc2 23. Rc1 Rxc1 24. Rxc1 Rd8 25. a5 Bf8 26. Ng3 Rd5 27.
Nge4 Be7 28. a6 Bxa6 29. Bxa6 f5 30. Bb7 fxe4 31. Bxd5 exd5 32. Nb3 Kf7 33. Rc7
Kf6 34. Kf1 Bd6 35. Ra7 Nc4 36. Rh7 Bf8 37. Rd7 Bd6 38. Nd4 Ke5 39. Nc6+ Kf6
40. Ke2 h5 41. h3 Kf5 42. Rf7+ Kg6 43. Rb7 Kf5 44. Rb5 Ke6 45. Nd8+ Ke5 46.
Nf7+ Kd4 47. Nxg5 Na3 48. Rb7 Kc3 49. Rd7 Nc4 50. Nf7 1-0

[Event "Gibtelecom Masters 2005"]
[Site "Gibraltar ENG"]
[Date "2005.01.27"]
[Round "3.10"]
[White "Thorfinnsson, Bragi"]
[Black "Rogers, Ian"]
[Result "0-1"]
[WhiteElo "2435"]
[BlackElo "2594"]
[PlyCount "90"]
[EventDate "2005.01.26"]
[EventType "swiss"]
[EventRounds "10"]
[EventCountry "ENG"]
[Source "lmi"]
[SourceDate "2005.02.03"]

1. d4 g6 2. c4 Bg7 3. Nc3 c5 4. d5 Bxc3+ 5. bxc3 f5 6. h4 Nf6 7. h5 Rg8 8. hxg6
hxg6 9. Nf3 Qa5 10. Qc2 d6 11. Bg5 Nbd7 12. Nd2 Ne5 13. Rb1 b6 14. Rb3 Bd7 15.
Qb2 Qa6 16. e3 O-O-O 17. a4 Rh8 18. Rg1 Kc7 19. f3 Rb8 20. Kf2 Qc8 21. Be2 a5
22. Rb1 Qa6 23. Ra1 Rh7 24. Qc2 Ng8 25. Nb1 Nf7 26. f4 Rh1 27. Ra2 Qc8 28. Na3
Nf6 29. Bxf6 exf6 30. Nb5+ Bxb5 31. Rxb5 Qh8 32. Bf3 Qh4+ 33. Ke2 Re8 34. Kd3
g5 35. Qd2 Re1 36. Rab2 R8xe3+ 37. Kc2 Qxf4 38. Rxb6 Nd8 39. Ra6 Qxc4 40. Ra7+
Kc8 41. Bh5 Qe4+ 42. Kb3 Ra1 43. Rxa5 Qb4+ 44. Kc2 Rxc3+ 45. Qxc3 Rc1+ 0-1

[Event "Gibtelecom Masters 2005"]
[Site "Gibraltar ENG"]
[Date "2005.01.27"]
[Round "3.11"]
[White "Hamdouchi, Hichem"]
[Black "Shaw, John"]
[Result "1/2-1/2"]
[WhiteElo "2555"]
[BlackElo "2445"]
[PlyCount "106"]
[EventDate "2005.01.26"]
[EventType "swiss"]
[EventRounds "10"]
[EventCountry "ENG"]
[Source "lmi"]
[SourceDate "2005.02.03"]

1. e4 c5 2. Nf3 Nc6 3. d4 cxd4 4. Nxd4 Nf6 5. Nc3 e5 6. Ndb5 h6 7. Nd6+ Bxd6 8.
Qxd6 Qe7 9. Qxe7+ Kxe7 10. Be3 d6 11. f3 Be6 12. O-O-O Rac8 13. a3 a6 14. Kb1
Na5 15. g4 Nc4 16. Bxc4 Rxc4 17. h4 h5 18. g5 Nd7 19. g6 f6 20. Rd2 Rhc8 21.
Ne2 b5 22. Ng3 Rh8 23. Rhd1 Rc6 24. Rg2 Bh3 25. Rh2 Be6 26. Bd2 Nf8 27. Rg1 Nd7
28. b3 Nc5 29. Kb2 Nb7 30. Be3 Nc5 31. Rd2 a5 32. Rgd1 Nd7 33. Rg1 Nc5 34. Rd5
Kd7 35. Rdd1 Ke7 36. Rg2 a4 37. Bxc5 Rxc5 38. Rd3 Rh6 39. Nf5+ Bxf5 40. exf5
Rh8 41. Rgd2 Rhc8 42. Rd5 axb3 43. cxb3 Rxd5 44. Rxd5 Rb8 45. Kc3 Kd7 46. Kb4
Kc6 47. Rd1 d5 48. Rc1+ Kd6 49. a4 bxa4+ 50. Kxa4 Ra8+ 51. Kb4 Rb8+ 52. Ka4
Ra8+ 53. Kb4 Rb8+ 1/2-1/2

[Event "Gibtelecom Masters 2005"]
[Site "Gibraltar ENG"]
[Date "2005.01.27"]
[Round "3.13"]
[White "Pert, Richard G"]
[Black "Hebden, Mark"]
[Result "0-1"]
[WhiteElo "2417"]
[BlackElo "2521"]
[PlyCount "82"]
[EventDate "2005.01.26"]
[EventType "swiss"]
[EventRounds "10"]
[EventCountry "ENG"]
[Source "lmi"]
[SourceDate "2005.02.03"]

1. d4 Nf6 2. c4 g6 3. Nc3 Bg7 4. e4 d6 5. Nge2 a6 6. Ng3 h5 7. Be2 c6 8. Bf4
Qa5 9. Bd2 e5 10. c5 h4 11. Nb5 axb5 12. Bxa5 hxg3 13. fxg3 Rxa5 14. cxd6 Nxe4
15. O-O Ra4 16. d5 Rd4 17. Qe1 Nxd6 18. Rd1 O-O 19. Qa5 Nc4 20. Bxc4 bxc4 21.
d6 Bg4 22. Rde1 Nd7 23. h3 Be6 24. Rd1 e4 25. Qb4 b5 26. Rxd4 Bxd4+ 27. Kh2 Ne5
28. Qd2 Nd3 29. Re1 Bd5 30. Re2 Rd8 31. h4 Rxd6 32. g4 Bxb2 33. h5 b4 34. Qe3
Be5+ 35. g3 b3 36. axb3 cxb3 37. Qb6 b2 38. Qb8+ Kg7 39. h6+ Kxh6 40. Kg1 Kg7
41. Rh2 Rd8 0-1

[Event "Gibtelecom Masters 2005"]
[Site "Gibraltar ENG"]
[Date "2005.01.27"]
[Round "3.14"]
[White "Al Tamimi, Hamad"]
[Black "Sutovsky, Emil"]
[Result "0-1"]
[WhiteElo "2210"]
[BlackElo "2669"]
[PlyCount "98"]
[EventDate "2005.01.26"]
[EventType "swiss"]
[EventRounds "10"]
[EventCountry "ENG"]
[Source "lmi"]
[SourceDate "2005.02.03"]

1. e4 c5 2. Nf3 d6 3. Bb5+ Nd7 4. d4 Ngf6 5. Nc3 cxd4 6. Qxd4 e5 7. Qd3 h6 8.
Be3 Be7 9. h3 O-O 10. Bc4 Nb6 11. Bb3 Be6 12. O-O Rc8 13. Nd2 a6 14. Rfd1 Nh5
15. Qe2 Nf4 16. Bxf4 exf4 17. e5 d5 18. Nf3 Nc4 19. Bxc4 Rxc4 20. Qxc4 dxc4 21.
Rxd8 Rxd8 22. Ne2 g5 23. Ned4 c3 24. bxc3 Rc8 25. Nxe6 fxe6 26. Rd1 Rxc3 27.
Rd7 Bc5 28. Nd4 Bxd4 29. Rxd4 Rxc2 30. Rd8+ Kf7 31. Rd7+ Kg6 32. Rxb7 Kf5 33.
Rh7 Rxa2 34. Rxh6 a5 35. Rh5 Kg6 36. Rh8 Re2 37. Rg8+ Kf5 38. Kf1 Ra2 39. Rh8
a4 40. Ra8 Kxe5 41. Ra5+ Kf6 42. Ra6 a3 43. Ra5 e5 44. Ra6+ Kg7 45. Ke1 e4 46.
Ra4 e3 47. fxe3 fxe3 48. g3 Ra1+ 49. Ke2 a2 0-1